LEADER 02408nam 22006974a 450 001 9910452134103321 005 20200520144314.0 010 $a9786155211034 010 $a978-6-15521-103-4 010 $a615-5211-03-5 010 $a1-281-37696-5 010 $a9786611376963 010 $a1-4294-2627-6 035 $a(CKB)1000000000469561 035 $a(EBL)3137216 035 $a(SSID)ssj0000243783 035 $a(PQKBManifestationID)11188536 035 $a(PQKBTitleCode)TC0000243783 035 $a(PQKBWorkID)10160039 035 $a(PQKB)11578446 035 $a(MiAaPQ)EBC3137216 035 $a(OCoLC)191952833 035 $a(MdBmJHUP)muse48211 035 $a(Au-PeEL)EBL3137216 035 $a(CaPaEBR)ebr10152478 035 $a(CaONFJC)MIL137696 035 $a(OCoLC)815571259 035 $a(EXLCZ)991000000000469561 100 $a20040206d2004 uy 0 101 0 $aeng 135 $aur|n|---||||| 181 $ctxt 182 $cc 183 $acr 200 10$aSelf-financing genocide$b[electronic resource] $ethe gold train, the Becher case and the wealth of Hungarian Jews /$fby Ga?bor Ka?da?r and Zolta?n Va?gi ; [translated by Eniko? Koncz, Jim Tucker and Andra?s Ka?da?r] 210 $aBudapest ;$aNew York $cCentral European University Press$d2004 215 $a1 online resource (439 p.) 300 $a"Certain parts were published in Hungarian as Aranyvonat ... by Osiris, Budapest in 2001"--T.p. verso. 311 $a963-9241-53-9 320 $aIncludes bibliographical references (p. [387]-398) and indexes. 606 $aJews$xPersecutions$zHungary 606 $aHolocaust, Jewish (1939-1945)$zHungary 606 $aWorld War, 1939-1945$xConfiscations and contributions$zHungary 606 $aJewish property$zHungary 607 $aHungary$xEthnic relations 608 $aElectronic books. 615 0$aJews$xPersecutions 615 0$aHolocaust, Jewish (1939-1945) 615 0$aWorld War, 1939-1945$xConfiscations and contributions 615 0$aJewish property 676 $a940.53/18132/09439 700 $aKa?da?r$b Ga?bor$01016742 701 $aVa?gi$b Zolta?n$01016743 701 $aKa?da?r$b Ga?bor$01016742 801 0$bMiAaPQ 801 1$bMiAaPQ 801 2$bMiAaPQ 906 $aBOOK 912 $a9910452134103321 996 $aSelf-financing genocide$92380604 997 $aUNINA